Sangre de monstruo / (Registro nro. 9013)
[ vista simple ]
| 000 -LIDER | |
|---|---|
| fixed length control field | 00758nam a22002897a 4500 |
| 001 - NÚMERO DE CONTROL | |
| Identificador de número de control | 00262 |
| 003 - IDENTIFICACDOR DE NÚMERO DE CONTROL | |
| control field | DO-SdBNP |
| 005 - DATE AND TIME OF LATEST TRANSACTION | |
| control field | 20180201102421.0 |
| 007 - CAMPOS FIJOS DE DESCRIPCIÓN FÍSICA | |
| fixed length control field | 00262 |
| 008 - ELEMENTOS DE LONGITUD FIJA | |
| fixed length control field | 151207b 1996 sp 0| 0 spa d |
| 020 ## - ISBN | |
| International Standard Book Number | |
| 040 ## - FUENTE DE CATALOGACIÓN | |
| Agencia que crea de manera original el registro | BPMSU |
| Idioma de catalogación | spa |
| Agencia que realiza la transcripción | BPMSU |
| 041 ## - CÓDIGOS DE OBRAS TRADUCIDAS O EN VARIOS IDIOMAS | |
| Código del idioma del texto/archivo de sonido o separata | spa |
| Cód. del idioma original y/o traducciones intermedias del texto | |
| 092 ## - LOCALLY ASSIGNED DEWEY DECIMAL CALL NUMBER | |
| Número de clasificación | xxxxx |
| Número de ítem (Cutter) | xxxxx |
| 100 1# - ASIENTO PRINCIPAL -- NOMBRE PERSONAL | |
| Nombre personal | Stine, R. L., |
| Fechas asociadas con el nombre | 1943- |
| 240 10 - TITULO UNIFORME | |
| Título uniforme | |
| 245 ## - MENCIÓN DE TITULO | |
| Título | Sangre de monstruo / |
| Mención de responsabilidad | R. L. Stine ; traducción María Rabassa |
| 260 ## - PUBLICACIÓN, DISTRIBUCIÓN, ETC. (PIE DE IMPRENTA) | |
| Lugar de publicación, distribución, etc | Barcelona : |
| Nombre del editor, distribuidor, etc. | Ediciones B, |
| -- | El periódico, |
| Fecha de publicación, distribución, etc | 1995. |
| 300 ## - DESCRIPCIÓN FÍSICA | |
| Extensión | 142 p. ; |
| Dimensiones | 19 cm. |
| 490 1# - MENCIÓN DE SERIES | |
| Mención de serie | Pesadillas |
| Volume/sequential designation | 7 |
| 700 12 - ASIENTO SECUNDARIO -- NOMBRE PERSONAL | |
| Nombre personal | Rabassa, María |
| Fechas asociadas con el nombre | tr. |
| 830 #0 - ASIENTO SECUNDARIO DE SERIE--TÍTULO UNIFORME | |
| Título uniforme | Pesadillas |
| Número de la parte o sección de una obra | 7 |
| 910 ## - VALIDACIÓN | |
| Validación | 00260 |
| 942 ## - ADDED ENTRY ELEMENTS (KOHA) | |
| Source of classification or shelving scheme | Dewey Decimal Classification |
| Koha item type | Libros |
| 945 ## - INFORMACIÓN DE PROCESAMIENTO LOCAL | |
| Información de procesamiento local | Inventariado, 2018/ YL |
| 956 ## - LOCAL ELECTRONIC LOCATION AND ACCESS (OCLC) | |
| Nombre de host | VMATEO |
| Número de acceso | 10 |
| Información de compresión | 20160815 |
| Trayectoria | BPMSU |
| Nombre Electrónico | 00069 |
| Withdrawn status | Lost status | Source of classification or shelving scheme | Damaged status | Not for loan | Collection code | Home library | Current library | Date acquired | Source of acquisition | Total Checkouts | Barcode | Date last seen | Price effective from | Koha item type |
|---|---|---|---|---|---|---|---|---|---|---|---|---|---|---|
| Dewey Decimal Classification | Colección Juvenil General | Biblioteca Pública Metropolitana Salomé Ureña | Biblioteca Pública Metropolitana Salomé Ureña | 12/07/2015 | Donación | BPMSU15120047 | 12/07/2015 | 12/07/2015 | Libros |